La reorganización de empresas en crisis, el impuesto a las ganancias y la legislación concursal (Registro nro. 21091)
[ vista simple ]
| 000 -LEADER | |
|---|---|
| fixed length control field | 00387 a2200109 4500 |
| 001 - CONTROL NUMBER | |
| control field | ART_42263 |
| 005 - DATE AND TIME OF LATEST TRANSACTION | |
| control field | 20260410161807.0 |
| 008 - FIXED-LENGTH DATA ELEMENTS--GENERAL INFORMATION | |
| fixed length control field | 260409a |
| 100 1# - MAIN ENTRY--PERSONAL NAME | |
| Personal name | Mozzi, Germán D. |
| 245 10 - TITLE STATEMENT | |
| Title | La reorganización de empresas en crisis, el impuesto a las ganancias y la legislación concursal |
| 773 0# - HOST ITEM ENTRY | |
| Title | Doctrina Societaria y Concursal |
| Related parts | - Nº 285 (ago. 2011) |
| Record control number | REV4298 |
No hay ítems disponibles.